000 00458nam a22001817a 4500
003 OSt
005 20140310184423.0
008 121121t xxu||||| |||| 00| 0 eng d
020 _a0439182972
050 _aPZ 7
_b.Ab131Inll 2000
245 _aInto the land lost /
_cTony Abbott ; illustrated by: Tim Jessell
260 _aNew York
_bScholastic
_c2000
300 _g19cm
521 _aG2
526 _c390
942 _2lcc
_cBK-SCHOLAS
999 _c34264
_d34264